| 000 | 00781nam a2200229Ia 4500 | ||
|---|---|---|---|
| 003 | OSt | ||
| 005 | 20251223153324.0 | ||
| 008 | 221004b |||||||| |||| 00| 0 eng d | ||
| 020 | _a978 90 04 17600 3 (hbk) | ||
| 037 | _cTB | ||
| 040 |
_aCRL _cCRL _beng |
||
| 041 |
_2eng _aeng |
||
| 084 |
_aQ43:23 P9(Q4) _qCL |
||
| 100 |
_aJacoby, Sarah Ed. _9595426 |
||
| 245 | 0 |
_aBuddhism beyond the monastery: _b Tantric practices and their perforners in Tibet and the Himalayas |
|
| 260 |
_aLeiden, Netherlands: _bBrill The Netherlands, _c2009. |
||
| 300 |
_a202p. _ccm. |
||
| 650 |
_aRELIGION _9856340 |
||
| 700 |
_a Terrone, Antonio Ed. _9595427 |
||
| 942 |
_hQ43:23 P9(Q4) _cTB _2CC _n0 |
||
| 999 |
_c957980 _d957980 |
||